00304nam a2200085Ia 4500008004100000245005400041500008700095650001700182700001900199180905s9999 xx 000 0 und d 0aVirgin Mary in Catholic and in Protestant Thought aAl-Basheer: The Bulletin of Christian Institute of Islamic Studies April-June 1972 aChristianity aJohn A. Subhan